| 000 | 01295cam a2200325 4500 | ||
|---|---|---|---|
| 001 | L129837 | ||
| 002 | 8203 | ||
| 008 | 050527n2005 000 0 eng u | ||
| 020 | _a0566086700 | ||
| 035 | _a(Sirsi) u129837 | ||
| 041 | _aeng | ||
| 050 |
_a690.22 _c22 |
||
| 100 | _aThorpe, Brian | ||
| 245 | _aHealth and safety in construction design | ||
| 260 |
_aAldershot _bGower _c2005 |
||
| 300 |
_axlii, 94p. _c25cm. |
||
| 350 | _a22.50 | ||
| 490 | _aGower Leading Construction Series | ||
| 490 | _aCITB Construction Skills HSD | ||
| 520 | _aPractical guide to help any designer understand the implications of health and safety legislation for their role in a project. Also offers a realistic plan to help adopt a health and safety culture in the design process. | ||
| 590 | _aIKA190705 | ||
| 650 | _aHEALTH AND SAFETY AT WORK ETC ACT 1974 | ||
| 650 | _aMANAGEMENT OF HEALTH AND SAFETY AT WORK REGULATIONS 1999 | ||
| 650 | _aCONTROL OF SUBSTANCES HAZARDOUS TO HEALTH | ||
| 650 | _aMANUAL HANDLING OPERATIONS REGULATIONS 1992 | ||
| 650 | _aCONSTRUCTION (HEALTH, SAFETY AND WELFARE) REGULATIONS 1996 | ||
| 650 | _aCONSTRUCTION (DESIGN AND MANAGEMENT) REGULATIONS 1994 | ||
| 690 | _aBUILT ENVIRONMENT-CONSTRUCTION MANAGEMENT-CONSTRUCTION DESIGN AND MANAGEMENT | ||
| 942 | _n0 | ||
| 999 |
_c104294 _d104294 |
||